Statystyki dla Najczęstsze pochodzenie imigrantów według stanów USA

Kliknij tutaj aby rozwiązać quiz!

Ogólne statystyki

  • Ten quiz został rozwiązany 135 razy
  • Średni wynik to 14 z 23

Statystyki odpowiedzi

# StanyPaństwo% Poprawnych
39Meksyk
96%
1Polska
94%
26Chiny
93%
9Kanada
93%
1Japonia
88%
2Niemcy
87%
31Indie
84%
1Brazylia
82%
2Kuba
77%
1Korea Południowa
68%
1Kolumbia
63%
9Filipiny
51%
1Haiti
48%
5Wietnam
47%
2Honduras
46%
2Jamajka
43%
1Irak
42%
1Portugalia
36%
4Gwatemala
35%
6Salwador
35%
2Etiopia
21%
5Dominican Rep.
13%
1Somalia
13%

Rozkład punktacji

Percentyl według liczby udzielonych odpowiedzi

Procent ludzi z każdym wynikiem

Twoja historia wyników

Nie rozwiązałeś tego quizu